Score 0/10 Timer 01:00
4 Plays Today
Clue Answer % Correct
Origami actionFOLD
98.5%
With it; hipCOOL
97.7%
Music is the ____ of loveFOOD
97.2%
Stupid personFOOL
95.2%
'All that glitters ain't ____'GOLD
95.2%
MisplacedLOST
91.8%
The price of somethingCOST
90.9%
One of the Seven Deadly SinsLUST
88.4%
'Ashes to ashes, ____ to ____'DUST
88.2%
Aquatic birdCOOT
80.9%

Today's Daily Dose

Remove Ads.
Support Sporcle.
Get the best of Sporcle when you Go Orange. This ad-free experience offers more features, more stats, and more fun while also helping to support Sporcle. Thank you for becoming a member.

You're not logged in!

Compare scores with friends on all Sporcle quizzes.
OR
Log In

Show Comments

Extras

Top Quizzes Today


Score Distribution

Your Account Isn't Verified!

In order to create a playlist on Sporcle, you need to verify the email address you used during registration. Go to your Sporcle Settings to finish the process.

Report this User

Report this user for behavior that violates our Community Guidelines.

Details: